书目信息 |
| 题名: |
70年代生人
|
|
| 作者: | 伍士心 编著 | |
| 分册: | ||
| 出版信息: | 北京 中国书店 2005.12 |
|
| 页数: | 208页 | |
| 开本: | 24cm | |
| 丛书名: | 70年代生人图书系列 | |
| 单 册: | ||
| 中图分类: | J905.2 | |
| 科图分类: | ||
| 主题词: | 文艺评论--wen yi ping lun--世界 , 电影 , 电视--艺术 | |
| 电子资源: | ||
| ISBN: | 7-80663-329-4 | |
| 000 | 00864nam 2200277 45 | |
| 001 | 212004041644 | |
| 005 | 20110525101042.29 | |
| 010 | @a7-80663-329-4@dCNY24.80 | |
| 100 | @a20090901d2005 ekmy0chiy0121 ea | |
| 101 | 0 | @achi |
| 102 | @aCN@b110000 | |
| 105 | @aa z 000yy | |
| 106 | @ar | |
| 200 | 1 | @a70年代生人@A70 nian dai sheng ren@e电视剧@f伍士心编著@Fwu shi xin bian zhu |
| 210 | @a北京@c中国书店@d2005.12 | |
| 215 | @a208页@c图@d24cm | |
| 225 | 2 | @a70年代生人图书系列@A70 nian dai sheng ren tu shu xi lie |
| 330 | @a本书主要包括楚留香、阿信、霍元甲、射雕英雄传等数十部电视剧。 | |
| 410 | 0 | @12001 @a70年代生人图书系列 |
| 606 | 0 | @a文艺评论@Awen yi ping lun@y世界 |
| 606 | 0 | @a电影 |
| 606 | 0 | @a电视@x艺术 |
| 690 | @aJ905.2@v4 | |
| 701 | 0 | @a伍士心@Awu shi xin@4编著 |
| 801 | 0 | @aCN@b海天@c20110525 |
| 905 | @a@dJ905.2@eW941@fI106/R5302 | |
| 70年代生人:电视剧/伍士心编著.-北京:中国书店,2005.12 |
| 208页:图;24cm.-(70年代生人图书系列) |
| ISBN 7-80663-329-4:CNY24.80 |
| 本书主要包括楚留香、阿信、霍元甲、射雕英雄传等数十部电视剧。 |
| ● |
| 相关链接 |
|
|
|
正题名:70年代生人
索取号:J905.2/W941
 
预约/预借
| 序号 | 登录号 | 条形码 | 馆藏地/架位号 | 状态 | 备注 |
| 1 | 876601 | 208766012 | 社科库309/309社科库 97排4列2层/ [索取号:J905.2/W941] | 在馆 | |
| 2 | 876602 | 208766021 | 社科库309/309社科库 97排4列2层/ [索取号:J905.2/W941] | 在馆 | |
| 3 | 876603 | 208766030 | 社科库309/400B社科库 18排1列6层/ [索取号:J905.2/W941] | 在馆 | |
| 4 | 876604 | 208766049 | 社科库309/309社科库 97排4列2层/ [索取号:J905.2/W941] | 在馆 | |
| 5 | 876605 | 208766058 | 社科库309/309社科库 97排4列2层/ [索取号:J905.2/W941] | 在馆 |